banner koha

Revista do Setor de Ciências Agrárias (Brazil) (Registro n. 729)

MARC details
000 -LÍDER
campo de controle de tamanho fixo 00746aas a2200241 4500
003 - IDENTIFICADOR DO NÚMERO DE CONTROLE
campo de controle BR-BrBNA
005 - DATA E HORÁRIO DA ÚLTIMA TRANSAÇÃO
campo de controle 20230317232848.0
007 - CAMPO FIXO DE DESCRIÇÃO FÍSICA--INFORMAÇÃO GERAL
campo de controle de tamanho fixo ta
008 - CAMPO DE DADOS FIXOS--INFORMAÇÃO GERAL
campo de controle de tamanho fixo 230119b bl ||||| |||| 00| 0 por d
022 ## - ISBN - INTERNATIONAL STANDARD BOOK NUMBER
ISSN - International Standard Serial Number 0100-607X
035 ## - NÚMERO DE CONTROLE DO SISTEMA
Número de Controle do Sistema 000485-5
040 ## - FONTE DA CATALOGAÇÃO
Instituição da catalogação original BR-BrBNA
Idioma da catalogação POr
Instituição que transcreveu o registro BR-BrBNA
042 ## - CÓDIGO DE AUTENTICAÇÃO
Authentication code 068268-3
044 ## - CÓDIGO DO PAÍS DA EMPRESA DE PUBLICAÇÃO/PRODUÇÃO
Código MARC - País bl
245 ## - TÍTULO
Título Revista do Setor de Ciências Agrárias (Brazil)
260 ## - PUBLICAÇÃO, DISTRIBUIÇÃO, ETC.
Local de publicação, distribuição, etc. Curitiba-PR
Nome do editor, distribuidor, etc. Universidade Federal do Paraná - Setor de Ciências Agrárias
Data da publicação, distribuição, etc. 1979. Data final de publicação em 1999
Local da manufatura BPR
270 ## - ENDEREÇO
Endereço Caixa Postal, 441 - Biblioteca Central - Cep: 80.001
310 ## - FREQUÊNCIA ATUAL DA PUBLICAÇÃO
Frequência atual de publicação semestral (duas vezes por ano
505 ## - NOTA DE CONTEÚDO FORMATADO
Nota de conteúdo formatado 1979 1(1); 1980-99 2-18(1-2);
650 12 - ASSUNTO--TERMO TÓPICO
Miscelânea AGRICULTURA
909 ## -
-- 56
-- Sergio Santos
-- 56
-- Sergio Santos
942 ## - ELEMENTOS DE ENTRADA ADICIONADOS (KOHA)
Tipo de material Koha Periódicos
Fonte da classificação ou esquema de arquivamento na estante Classificação AGRIS
Exemplares
Situação do descarte Fonte da classificação ou esquema de arquivamento na estante Situação física Não pode ser emprestado Coleção Biblioteca de origem Biblioteca atual Enumeração do periódico / cronologia Total de empréstimos Código de barras Data de último acesso Tipo de material Koha Situação das perdas
  Classificação AGRIS   Consulta local Periódicos agrícolas Biblioteca Nacional de Agricultura - Binagri Biblioteca Nacional de Agricultura - Binagri 1979 1(1)   2023-01531 01/03/2023 Periódicos  
  Classificação AGRIS   Consulta local Periódicos agrícolas Biblioteca Nacional de Agricultura - Binagri Biblioteca Nacional de Agricultura - Binagri 1980-99 2-18(1-2)   2023-01532 01/03/2023 Periódicos  

BINAGRI

Telefone: (61)3218-2567/2388/3357/2097 - binagri@agro.gov.br

Ministério da Agricultura e Pecuária , Esplanada dos Ministérios, Bloco D, Anexo B, Brasília/DF, CEP: 70.043-900